Catálogo

Radiografía dental : (Registro nro. 58473)

Detalles MARC
000 -LEADER
fixed length control field 01436cam a2200337 i 4500
001 - CONTROL NUMBER
control field 58473
003 - CONTROL NUMBER IDENTIFIER
control field Mx-PuUPA
005 - DATE AND TIME OF LATEST TRANSACTION
control field 20251202170530.0
008 - FIXED-LENGTH DATA ELEMENTS--GENERAL INFORMATION
fixed length control field 140415s2013 ve a fr 001 0 spa d
020 ## - INTERNATIONAL STANDARD BOOK NUMBER
International Standard Book Number 9789588760513
040 ## - CATALOGING SOURCE
Original cataloging agency Mx-PuUPA
Language of cataloging spa
Transcribing agency Mx-PuUPA
Modifying agency Mx-PuUPA
Description conventions rda
041 1# - LANGUAGE CODE
Language code of text/sound track or separate title spa
Language code of original eng
100 1# - MAIN ENTRY--PERSONAL NAME
Personal name Lannucci, Joen M.,
Relator term autor
9 (RLIN) 9283
240 10 - UNIFORM TITLE
Uniform title Dental radiography : principles and techniques.
Language of a work Español
245 10 - TITLE STATEMENT
Title Radiografía dental :
Remainder of title principios y técnicas /
Statement of responsibility, etc. Joen M. Iannucci, Laura Jansen Howerton ; traducción, Jorge Pérez Andrés
250 ## - EDITION STATEMENT
Edition statement Cuarta edición
264 #1 - PRODUCTION, PUBLICATION, DISTRIBUTION, MANUFACTURE, AND COPYRIGHT NOTICE
Place of production, publication, distribution, manufacture Caracas, Venezuela :
Name of producer, publisher, distributor, manufacturer AMOLCA, Actualidades Médicas,
Date of production, publication, distribution, manufacture, or copyright notice ©2013
300 ## - PHYSICAL DESCRIPTION
Extent xvi, 466 páginas :
Other physical details ilustraciones (principalmente color) ;
Dimensions 29 cm
336 ## - CONTENT TYPE
Fuente rdacontent
Content type term texto
Content type code txt
337 ## - MEDIA TYPE
Source rdamedia
Media type term sin medio
Media type code n
338 ## - CARRIER TYPE
Source rdacarrier
Carrier type term volumen
Carrier type code nc
650 #4 - SUBJECT ADDED ENTRY--TOPICAL TERM
Topical term or geographic name entry element Dientes
General subdivision Radiografías
700 1# - ADDED ENTRY--PERSONAL NAME
Personal name Howerton, Laura Jansen,
Relator term autor
700 1# - ADDED ENTRY--PERSONAL NAME
Personal name Pérez Andrés, Jorge,
Relator term traductor
765 08 - ORIGINAL LANGUAGE ENTRY
Main entry heading Lannucci, Joen M.,
Title Dental radiography : principles and techniques.
Place, publisher, and date of publication New York, New York : Elsevier, ©2012
International Standard Book Number 9781437711622
942 ## - ADDED ENTRY ELEMENTS (KOHA)
Source of classification or shelving scheme Dewey Decimal Classification
Koha item type Libro
Classification part 617.607572
Item part L243
Existencias
Withdrawn status Lost status Source of classification or shelving scheme Damaged status Not for loan Collection code Home library Current library Shelving location Date acquired Source of acquisition Total Checkouts Full call number Barcode Date last seen Price effective from Koha item type Cost, normal purchase price Date last checked out Copy number Cost, replacement price
    Dewey Decimal Classification     General Biblioteca Karol Wojtyla Biblioteca Karol Wojtyla Sala general 03/12/2013 Compra   617.607572 L243 2013 48924 05/01/2026 03/12/2013 Reserva permanente        
    Dewey Decimal Classification     General Biblioteca Karol Wojtyla Biblioteca Karol Wojtyla Sala general 15/04/2024 1 1 617.607572 L243 2013 102329 05/01/2026 15/04/2024 Reserva permanente 2640.00 08/05/2024 Ej.3 2640.00
    Dewey Decimal Classification     General Biblioteca Karol Wojtyla Biblioteca Karol Wojtyla Sala general 15/04/2024 1   617.607572 L243 2013 102328 05/01/2026 15/04/2024 Reserva permanente 2640.00   Ej.2 2640.00